| 000 | 00361nam a2200133Ia 4500 | ||
|---|---|---|---|
| 008 | 151021s9999 xx 000 0 und d | ||
| 020 | _a202060535 | ||
| 050 | _aHB 3943 .J63 1972 | ||
| 245 | _a_Macroeconomics And Monetary theory | ||
| 260 | _aU.S.A Aldine 1972 | ||
| 300 | _av,214p,;Ill | ||
| 650 | _a_Macroeconomics | ||
| 980 | _a^d20120814 05:57:47^oanne | ||
| 999 |
_c12391 _d12391 |
||